000 00598nam a2200193 i 4500
001 96115
003 ES-MaACL
005 20240428063033.0
007 t|
008 050610s1930 sp ||||1| spa d
080 _a159.922.1-055.2
100 1 _aDiego-Madrazo, Enrique,
_d1850-1942
_9165773
245 1 3 _aEl destino de la mujer
_b: (cartas entre mujeres) /
_cEnrique Diego Madrazo.
260 _aMadrid :
_b[s.n.],
_c1930 (
_fImp. Viuda Galo Sáez)
300 _a318 p. ;
_c19 cm.
650 0 4 _aMujeres-
_xPsicología.
_915309
852 _aES-MaACL
_jB-12870
999 _c96115
_d96115